Guess the Harry Potter Movies by Scene #14 - Statistics

General Stats
  • This quiz has been taken 113 times
  • The average score is 19 of 20
Answer Stats
Picture Answer % Correct
Order of the Phoenix
100%
Chamber of Secrets
96%
Deathly Hallows – Part 1
96%
Deathly Hallows – Part 1
96%
Philosopher's Stone
96%
Prisoner of Azkaban
96%
Chamber of Secrets
93%
Deathly Hallows – Part 1
93%
Deathly Hallows – Part 2
93%
Goblet of Fire
93%
Half-Blood Prince
93%
Half-Blood Prince
93%
Half-Blood Prince
93%
Order of the Phoenix
93%
Philosopher's Stone
93%
Philosopher's Stone
93%
Goblet of Fire
89%
Order of the Phoenix
89%
Prisoner of Azkaban
89%
Order of the Phoenix
86%
No matching quizzes found
Score Distribution
Percent of People with Each Score
Percentile by Number Answered
Your Score History
You have not taken this quiz